000 00846nam a22002177a 4500
008 090313t xxu||||| |||| 00| 0 eng d
010 _aENG-93208
020 _a9788190749800
_c150.00
035 _aEN-76741
037 _bDBAD / PUB
040 _adpl
_bEnglish
082 _a001.422
100 _aSathish Kumar, P.
245 _aB.Sc. statistics 123:
_cby P. Sathish Kumar
_bfully solved questions for under graduation /
260 _aSalem
_bGiri Law House
_c2008
270 _a55-A/314, Cherry Road,
_bSalem
_e636007
300 _a288p.
_c21cm (pbk)
500 _aIncludes bibliographical references
942 _2ddc
_cEN
_mSAT
_h001.422
999 _c25199
_d25199